UBT Library

(Record no. 39117)

000 -LEADER
fixed length control field 00458cam a22002054a 4500
001 - CONTROL NUMBER
control field 12148477
005 - DATE AND TIME OF LATEST TRANSACTION
control field 20171218085354.0
007 - PHYSICAL DESCRIPTION FIXED FIELD--GENERAL INFORMATION
fixed length control field cr_|||||||||||
008 - FIXED-LENGTH DATA ELEMENTS--GENERAL INFORMATION
fixed length control field 000818s2000 caua be 001 0 eng
010 ## - LIBRARY OF CONGRESS CONTROL NUMBER
LC control number 00011032
020 ## - INTERNATIONAL STANDARD BOOK NUMBER
International Standard Book Number 1576073904 (electronic bk.)
020 ## - INTERNATIONAL STANDARD BOOK NUMBER
International Standard Book Number 1576070646
040 ## - CATALOGING SOURCE
Original cataloging agency DLC
Transcribing agency DLC
Modifying agency DLC
041 ## - LANGUAGE CODE
Language code of text/sound track or separate title eng
042 ## - AUTHENTICATION CODE
Authentication code pcc
080 ## - UNIVERSAL DECIMAL CLASSIFICATION NUMBER
Universal Decimal Classification number 324.62303 HAN
082 00 - DEWEY DECIMAL CLASSIFICATION NUMBER
Classification number 324.62303 HAN
Edition number 21
100 1# - Rafti
Rafti 50
101 ## - Shkurtesa
Shkurtesa SOC

No items available.

UBT Library © 2015-2024. All rights reserved University Education for Business and Technology